|
|
|
|
| LEADER |
01002nam a2200289 i 4500 |
| 001 |
c000375382 |
| 003 |
CARM |
| 005 |
00000000000000.0 |
| 008 |
741107c19731973sz s i000 0 eng |
| 010 |
|
|
|a 74188033 //r942
|
| 015 |
|
|
|a Sw***
|
| 019 |
1 |
|
|a 5485437
|z 346953
|5 LACONCORD2021
|
| 020 |
|
|
|c 8.00F
|
| 035 |
|
|
|a (OCoLC)1104689
|5 LACONCORD2021
|
| 043 |
|
|
|a a-ja---
|
| 050 |
0 |
0 |
|a HD5077
|b .I57 1973
|
| 082 |
0 |
0 |
|a 331.2/952
|
| 110 |
2 |
|
|a International Labour Office.
|
| 245 |
1 |
0 |
|a Industrialisation and wages in Japan.
|
| 260 |
|
|
|a Geneva :
|b International Labour Office,
|c 1970, t.p. 1973, c1973.
|
| 300 |
|
|
|a 45 p. ;
|c 24 cm.
|
| 490 |
0 |
|
|a Employment research papers
|
| 650 |
|
0 |
|a Wages
|z Japan
|x History.
|
| 650 |
|
0 |
|a Industrialization
|z Japan
|x History.
|
| 852 |
8 |
|
|b CARM
|h A1:AM31F0
|i C10235
|p 0437744
|f BK
|
| 999 |
f |
f |
|i ec8fc186-6f07-579e-bde4-02663ecd0dcf
|s 2bfd8bb6-7288-546a-bbed-6d58ce9c2ea1
|
| 952 |
f |
f |
|p Can circulate
|a CAVAL
|b CAVAL
|c CAVAL
|d CARM 1 Store
|e C10235
|f A1:AM31F0
|h Other scheme
|i book
|m 0437744
|